[Event "Memorial Zita 2019"]
[Site "Prague"]
[Date "2019.06.23"]
[Round "1.1"]
[White "Semenova, Elena"]
[Black "Netusil, Miloslav"]
[Result "1-0"]
[WhiteElo "2255"]
[BlackElo "2189"]
[Annotator "TA"]
[PlyCount "45"]
[EventDate "2019.06.23"]
[EventType "tourn"]
[EventCountry "CZE"]
[SourceTitle "playchess.com"]
[Source "ChessBase"]
[SourceQuality "1"]

{[%evp 12,45,39,42,48,35,87,15,31,-20,-16,-58,-107,-100,-79,-84,-75,-89,-77,-32,256,266,304,332,358,354,500,507,517,452,447,405,422,433,529,523]} 1. e4 e6 2. d4 d5 3. Nd2 dxe4 4. Nxe4 b6 5. Nf3 Bb7 6. Bb5+ c6 7. Bd3 Nd7 {C03: French Tarrasch: Unusual Black 3rd moves} (7... Be7 8. Bf4 Nf6 9. Qe2 Nxe4 10. Bxe4 Nd7 11. O-O-O Nf6 12. Bd3 O-O 13. Kb1 Qd5 14. c4 Qa5 15. Ne5 {1-0 (48) Vasquez Schroder,R (2507)-Maly,A (2377) ICC INT 2009}) 8. Bf4 Ndf6 ({Better is} 8... Ngf6 $14) 9. Nc3 $146 (9. Neg5 $16) ({Predecessor:} 9. Qe2 Nxe4 10. Bxe4 Nf6 11. Bd3 Nd5 12. Be5 Qd7 13. c3 O-O-O 14. a4 f6 15. Bg3 {0-1 (70) Wingenfeld,K (1890)-Sazanov,N (2269) Muenster 2018}) 9... Ne7 $11 {The position is equal.} 10. Ne5 (10. Qe2 $14) 10... Qxd4 {[#]} 11. Nb5 $1 {[%mdl 512]} Qxf4 (11... cxb5 12. Bxb5+) 12. Nd6+ Kd8 13. Ndxf7+ Kc7 14. O-O {[#]} c5 $1 15. Re1 Ng6 $2 {[%mdl 8192]} (15... Nc6 $15 {stays ahead.} 16. g3 Qa4) 16. Bxg6 $18 hxg6 17. Nxh8 Rd8 18. Nhxg6 Qb4 (18... Qf5 {was necessary.}) 19. Nd3 Qd4 20. Nxf8 Rxf8 21. Qe2 Nd7 22. Rad1 {Black must now prevent Ne5.} Qh4 {Now ...Rh8 and Black clings on.} 23. Ne5 {Accuracy: White = 45%, Black = 35%.} 1-0

[Event "Memorial Zita 2019"]
[Site "Prague"]
[Date "2019.06.23"]
[Round "1.2"]
[White "Pribylova, Sofie"]
[Black "Frolov, Artur"]
[Result "0-1"]
[WhiteElo "2069"]
[BlackElo "2453"]
[Annotator "TA"]
[PlyCount "64"]
[EventDate "2019.06.23"]
[EventType "tourn"]
[EventCountry "CZE"]
[SourceTitle "playchess.com"]
[Source "ChessBase"]
[SourceQuality "1"]

{[%evp 16,64,15,15,21,27,25,29,11,25,31,0,0,0,0,-8,-6,-6,0,0,0,-18,0,-18,0,-16,66,-394,-382,-450,-398,-451,-442,-418,-422,-1041,-987,-1897,-831,-1860,-1789,-2950,-622,-869,-863,-876,-878,-857,-839,-29998,-29999]} 1. d4 Nf6 2. Nf3 g6 3. c4 Bg7 4. Nc3 O-O 5. e4 d6 6. Be2 e5 7. d5 a5 8. Bg5 h6 9. Be3 Ng4 {E92: King's Indian: Classical: 6 Be2 e5: 7 dxe5, 7 Be3 and Petrosian System without 7...Nbd7} 10. Bd2 f5 11. h3 ({Predecessor:} 11. exf5 gxf5 12. h3 {1-0 (34) Vorobiov,E (2558)-Karthik,V (2475) Zuerich 2017}) 11... Nf6 {White has an edge.} 12. exf5 gxf5 13. Qc1 $146 (13. g3 Na6 14. Qc1 Kh7 15. Nh4 Nc5 16. Be3 Nfe4 17. Nxe4 Nxe4 {½-½ (42) Korobov,A (2678)-Kovalev,V (2650) Poikovsky 2018}) 13... f4 14. g3 e4 $1 {[%cal Re4f3]} 15. Nh4 {[#]} e3 $1 {[%cal Re3d2][%mdl 512]} 16. fxe3 fxg3 {And now ...Ne4! would win.} 17. Ng6 Re8 $36 {[%mdl 2048] Black is pushing.} 18. Rg1 Bf5 19. Nf4 (19. Rxg3 $5 {[%cal Re3e4]} Na6 20. Nf4 $11) 19... Na6 20. Bf3 Nb4 (20... Kh7 $11) 21. Bd1 $2 {[%mdl 8192]} (21. Rxg3 $14 Nd3+ 22. Nxd3 Bxd3 23. Ne2) 21... Nd7 $19 22. Rxg3 Qh4 23. Kf2 Nc5 (23... Nd3+ $2 24. Nxd3 Bxd3 25. Be2 $19) 24. Be2 Kh7 25. Kf3 (25. Kg2 $142 Rg8 26. Bg4 Bxg4 27. Rxg4 Bxc3 28. Bxc3 Rxg4+ 29. hxg4) 25... Bxc3 26. Bxc3 Be4+ 27. Kf2 Rg8 28. Qg1 Bg2 (28... Ncd3+ {Played: Be4-g2}) 29. Bg4 Ne4+ 30. Kxg2 Qxg3+ 31. Kf1 Rxg4 32. hxg4 Qf3+ 0-1

[Event "Memorial Zita 2019"]
[Site "Prague"]
[Date "2019.06.23"]
[Round "1.3"]
[White "Neckar, Lubomir"]
[Black "Vokoun, Jan"]
[Result "1/2-1/2"]
[WhiteElo "2285"]
[BlackElo "2072"]
[Annotator "TA"]
[PlyCount "24"]
[EventDate "2019.06.23"]
[EventType "tourn"]
[EventCountry "CZE"]
[SourceTitle "playchess.com"]
[Source "ChessBase"]
[SourceQuality "1"]

{[%evp 17,24,41,39,18,18,0,0,0,0]} 1. Nf3 Nf6 2. g3 b6 3. Bg2 Bb7 4. O-O c5 5. c4 e6 6. Nc3 Be7 7. d4 cxd4 8. Qxd4 O-O 9. Rd1 Qc8 10. Qd3 {A30: Symmetrical English: Double Fianchetto and Hedgehog} (10. b3 Na6 11. Bb2 d6 12. Rac1 Nc5 13. Qe3 Rd8 14. Nd4 Ng4 15. Qf4 Ne5 16. Bxb7 Qxb7 17. Qe3 Rac8 {0-1 (55) Carlsen,M (2857)-Grischuk,A (2754) chess.com INT 2016}) 10... Na6 {The position is equal.} 11. b3 $146 ({Predecessor:} 11. Bg5 Nc5 12. Qe3 h6 13. Bxf6 Bxf6 14. Rac1 a5 15. Nd4 Bxg2 16. Kxg2 Bg5 17. f4 Be7 {1-0 (32) Savon,V (2450)-Luce,S (2395) Budapest 1990}) 11... d5 12. cxd5 Nb4 1/2-1/2

[Event "Memorial Zita 2019"]
[Site "Prague"]
[Date "2019.06.23"]
[Round "1.4"]
[White "Trickov, Vasil"]
[Black "Novy, Filip"]
[Result "1-0"]
[WhiteElo "2319"]
[BlackElo "2170"]
[Annotator "TA"]
[PlyCount "65"]
[EventDate "2019.06.23"]
[EventType "tourn"]
[EventCountry "CZE"]
[SourceTitle "playchess.com"]
[Source "ChessBase"]
[SourceQuality "1"]

{[%evp 9,65,42,108,65,66,56,66,48,46,48,54,53,52,41,52,47,69,57,110,49,53,52,47,48,70,71,73,52,84,68,103,95,136,132,154,143,143,135,132,138,146,151,158,124,185,192,172,169,174,142,362,352,329,289,6570,2620,5983,5597]} 1. d4 Nf6 2. Nf3 e6 3. g3 c5 4. c4 Na6 (4... cxd4 5. Nxd4 Bb4+ 6. Nc3 O-O 7. Bg2 d5 8. cxd5 Nxd5 9. Qb3 Qa5 10. Bd2 Nc6 11. Nxc6 bxc6 12. O-O Bxc3 13. bxc3 Ba6 14. Rfe1 Rab8 15. Qc2 Bc4 16. e4 Nb6 17. e5 Bd5 18. c4 Qc5 19. Bf1 Nxc4 20. Rec1 {½-½ (47) Wei,Y (2736)-So,W (2754) Abidjan 2019}) 5. Bg2 g6 (5... d5 $14) 6. O-O {E10: Blumenfeld Gambit} Bg7 7. Nc3 O-O 8. Bf4 $146 {aiming for Bd6.White is slightly better.} ({Predecessor:} 8. e4 d5 9. cxd5 exd5 10. e5 Nd7 11. Nxd5 cxd4 {1-0 (32) Tettmann,A (1631)-Paliy,M (1616) Magdeburg 2014}) 8... d5 9. cxd5 Nxd5 10. Nxd5 exd5 11. dxc5 Nxc5 12. Be5 f6 13. Bd4 b6 (13... Ne4 $14) 14. Rc1 (14. Bxc5 $16 bxc5 15. Ng5 $1 {[%mdl 512]} fxg5 16. Bxd5+ Be6 17. Bxe6+ Kh8 18. Rb1) 14... Ne4 $14 15. Qa4 Bb7 16. Rfd1 Qe7 17. e3 Rfd8 18. Ne1 h5 19. h4 Bh6 20. Nd3 Kh7 21. Nf4 Bxf4 22. exf4 ({Much less strong is} 22. gxf4 $6 Kg7 $14) 22... Kh6 23. Be3 f5 24. Bd4 Qd7 25. Qa3 Qf7 26. Be5 {Black must now prevent Rc7.} Nc5 (26... Rd7 $16 {was necessary.} 27. Bf1 Qe7) 27. b4 $18 Ne6 28. Qb3 Qd7 29. Rc2 Bc6 $2 {[#]} (29... Rac8 $16 {might work better.}) 30. Rxc6 $1 {[%mdl 576] Decoy} Qxc6 31. Bxd5 {[%mdl 64] Double Attack} Nd4 $2 (31... Qd7 32. Bf3 Qf7) 32. Rxd4 Qc1+ 33. Rd1 {Accuracy: White = 66%, Black = 30%.} 1-0

[Event "Memorial Zita 2019"]
[Site "Prague"]
[Date "2019.06.23"]
[Round "1.5"]
[White "Fedorov, Evgueny"]
[Black "Kiss, Pal"]
[Result "1/2-1/2"]
[WhiteElo "2250"]
[BlackElo "2278"]
[Annotator "TA"]
[PlyCount "31"]
[EventDate "2019.06.23"]
[EventType "tourn"]
[EventCountry "CZE"]
[SourceTitle "playchess.com"]
[Source "ChessBase"]
[SourceQuality "1"]

{[%evp 12,28,62,58,49,45,53,0,0,0,0,-17,-11,-18,0,-10,0,-23,0]} 1. e4 c5 2. Nf3 Nc6 3. d4 cxd4 4. Nxd4 Nf6 5. Nc3 e5 6. Ndb5 h6 7. Nd5 Nxd5 {B33: Sicilian: Pelikan and Sveshnikov Variations} 8. exd5 {[#] Black must now prevent d6.} a6 9. dxc6 (9. Nc3 $14 Nd4 10. Bd3) (9. Nc3 Nd4 10. Bd3 d6 11. O-O g6 12. Be3 Nf5 13. Bxf5 Bxf5 14. f4 h5 15. Qd2 {½-½ (37) Van Kampen,R (2563)-Andersson,U (2571) Utrecht 2012}) 9... axb5 $11 {The position is equal.} 10. cxd7+ Bxd7 11. Be2 Bc6 12. Qxd8+ Rxd8 13. Be3 Be7 14. O-O O-O {Predecessor:} 15. Rfd1 $146 Rxd1+ 16. Rxd1 {½-½ (28) Guennigmann,M (2213)-Eschholz,E (2175) Verden 2016} 1/2-1/2

[Event "Memorial Zita 2019"]
[Site "Prague"]
[Date "2019.06.23"]
[Round "2.1"]
[White "Netusil, Miloslav"]
[Black "Kiss, Pal"]
[Result "0-1"]
[WhiteElo "2189"]
[BlackElo "2278"]
[Annotator "ChessBase"]
[PlyCount "138"]
[EventDate "2019.06.23"]
[EventType "tourn"]
[EventCountry "CZE"]
[SourceTitle "playchess.com"]
[Source "ChessBase"]
[SourceQuality "1"]
[TimeControl "5400+30"]

1. e4 {[%emt 0:00:00]} c5 {[%emt 0:05:06]} 2. Nf3 {[%emt 0:00:00]} Nc6 {[%emt 0:00:23]} 3. b4 {[%emt 0:00:21]} cxb4 {[%emt 0:01:15]} 4. d4 {[%emt 0:00:09]} d5 {[%emt 0:00:27]} 5. exd5 {[%emt 0:00:10]} Qxd5 {[%emt 0:00:07]} 6. c4 {[%emt 0:00:07]} bxc3 {[%emt 0:00:23]} 7. Nxc3 {[%emt 0:00:07]} Qa5 {[%emt 0:00:05]} 8. Bd2 {[%emt 0:00:16]} e6 {[%emt 0:07:13]} 9. Bc4 {[%emt 0:00:07]} Bb4 {[%emt 0:02:26]} 10. Qb3 {[%emt 0:00:07]} Nf6 {[%emt 0:02:06]} 11. O-O {[%emt 0:02:03]} O-O {[%emt 0:00:45]} 12. a3 {[%emt 0:00:51]} Bxc3 {[%emt 0:01:27]} 13. Bxc3 {[%emt 0:00:05]} Qd8 {[%emt 0:01:12]} 14. Rad1 {[%emt 0:09:17]} Na5 {[%emt 0:11:08]} 15. Bxa5 {[%emt 0:00:43]} Qxa5 {[%emt 0:00:10]} 16. Ne5 {[%emt 0:00:54]} Rd8 {[%emt 0:20:01]} 17. Rfe1 {[%emt 0:07:11]} Qb6 {[%emt 0:04:54]} 18. Qf3 {[%emt 0:05:01]} Bd7 {[%emt 0:12:53]} 19. g4 {[%emt 0:03:26]} Be8 {[%emt 0:03:18]} 20. g5 {[%emt 0:09:10]} Nd7 {[%emt 0:02:25]} 21. Ng4 {[%emt 0:02:38]} Qc6 {[%emt 0:01:23]} 22. Qd3 {[%emt 0:02:25]} Rac8 {[%emt 0:01:43]} 23. Bb5 {[%emt 0:06:54]} Qc2 {[%emt 0:09:34]} 24. Qg3 {[%emt 0:01:30]} Qf5 {[%emt 0:03:18]} 25. d5 {[%emt 0:08:12]} Qxg5 {[%emt 0:02:19]} 26. h4 {[%emt 0:03:27]} Qe7 {[%emt 0:00:27]} 27. Re3 {[%emt 0:05:55]} Kh8 {[%emt 0:01:32]} 28. Rde1 {[%emt 0:02:53]} Nf8 {[%emt 0:01:58]} 29. Bxe8 {[%emt 0:00:27]} Qxe8 {[%emt 0:00:35]} 30. dxe6 {[%emt 0:01:42]} fxe6 {[%emt 0:00:16]} 31. Ne5 {[%emt 0:00:24]} Qh5 {[%emt 0:01:04]} 32. Qf4 {[%emt 0:02:32]} Rd1 {[%emt 0:01:45]} 33. Kh2 {[%emt 0:04:47]} Rxe1 {[%emt 0:00:34]} 34. Rxe1 {[%emt 0:00:04]} Ng6 {[%emt 0:00:54]} 35. Nxg6+ {[%emt 0:00:34]} Qxg6 {[%emt 0:00:13]} 36. Rc1 {[%emt 0:00:10]} Qe8 {[%emt 0:00:54]} 37. Re1 {[%emt 0:00:20]} Qc6 {[%emt 0:00:23]} 38. Re5 {[%emt 0:00:36]} b6 {[%emt 0:00:51]} 39. Qe3 {[%emt 0:00:37]} Qd6 {[%emt 0:00:17]} 40. Kg2 {[%emt 0:00:12]} Rc6 {[%emt 0:00:22]} 41. Qf4 {[%emt 0:02:33]} h6 {[%emt 0:00:14]} 42. Qe3 {[%emt 0:00:06]} Qe7 {[%emt 0:00:17]} 43. Qe4 {[%emt 0:00:21]} Rd6 {[%emt 0:01:00]} 44. Qa8+ {[%emt 0:00:08]} Kh7 {[%emt 0:00:13]} 45. Qe4+ {[%emt 0:00:20]} Kh8 {[%emt 0:00:01]} 46. Qa8+ {[%emt 0:00:08]} Kh7 {[%emt 0:00:05]} 47. Qe4+ {[%emt 0:00:07]} Kg8 {[%emt 0:00:52]} 48. Qa8+ {[%emt 0:00:13]} Rd8 {[%emt 0:00:55]} 49. Qe4 {[%emt 0:01:56]} Re8 {[%emt 0:01:11]} 50. a4 {[%emt 0:01:02]} Qf6 {[%emt 0:00:18]} 51. h5 {[%emt 0:02:57]} Rf8 {[%emt 0:00:41]} 52. Qe3 {[%emt 0:01:02]} Qf4 {[%emt 0:00:44]} 53. Qe2 {[%emt 0:01:56]} Qxa4 {[%emt 0:01:07]} 54. Rxe6 {[%emt 0:00:09]} Qf4 {[%emt 0:00:10]} 55. Re7 {[%emt 0:01:09]} Ra8 {[%emt 0:01:02]} 56. Kf1 {[%emt 0:05:32]} a5 {[%emt 0:00:23]} 57. Qe6+ {[%emt 0:00:38]} Kh8 {[%emt 0:00:05]} 58. Rf7 {[%emt 0:02:53]} Qc1+ {[%emt 0:00:11]} 59. Kg2 {[%emt 0:00:04]} Qg5+ {[%emt 0:00:13]} 60. Kf1 {[%emt 0:00:05]} Qxh5 {[%emt 0:00:29]} 61. Rd7 {[%emt 0:00:46]} Qb5+ {[%emt 0:00:14]} 62. Kg1 {[%emt 0:00:16]} Qg5+ {[%emt 0:00:27]} 63. Kf1 {[%emt 0:00:05]} Qb5+ {[%emt 0:00:21]} 64. Kg1 {[%emt 0:00:06]} a4 {[%emt 0:00:37]} 65. Rc7 {[%emt 0:01:33]} Qb1+ {[%emt 0:00:42]} 66. Kh2 {[%emt 0:00:17]} Rf8 {[%emt 0:00:38]} 67. Kg2 {[%emt 0:00:32]} a3 {[%emt 0:00:49]} 68. Qg4 {[%emt 0:01:26]} Qb2 {[%emt 0:00:19]} 69. Kh3 {[%emt 0:00:18]} a2 {[%emt 0:00:34]} 0-1

[Event "Memorial Zita 2019"]
[Site "Prague"]
[Date "2019.06.23"]
[Round "2.2"]
[White "Novy, Filip"]
[Black "Fedorov, Evgueny"]
[Result "1-0"]
[WhiteElo "2170"]
[BlackElo "2250"]
[Annotator "NA"]
[PlyCount "33"]
[EventDate "2019.06.23"]
[EventType "tourn"]
[EventCountry "CZE"]
[SourceTitle "playchess.com"]
[Source "ChessBase"]
[SourceQuality "1"]
[TimeControl "5400+30"]

1. e4 {[%emt 1:30:30]} Nf6 {[%emt 1:30:30]} 2. Nc3 {[%emt 0:00:30]} d5 {[%emt 0:00:30]} 3. exd5 {[%emt 0:00:30]} Nxd5 {[%emt 0:00:30]} 4. g3 {[%emt 0:00:30]} e5 {[%emt 0:00:30]} 5. Bg2 {[%emt 0:00:30]} Be6 {[%emt 0:00:30]} 6. Nge2 {[%emt 0:00:30]} c5 {[%emt 0:00:30]} 7. O-O {[%emt 0:00:30]} Nc6 {[%emt 0:00:30]} 8. f4 {[%emt 0:00:30]} exf4 {[%emt 0:00:30]} 9. Bxd5 {[%emt 0:00:30]} Bxd5 {[%emt 0:00:30]} 10. Nxf4 {[%emt 0:00:30]} Bc4 {[%emt 0:00:30]} 11. d3 {[%emt 0:00:30]} Ba6 {[%emt 0:00:30]} 12. Nfd5 {[%emt 0:00:30]} Be7 {[%emt 0:00:30]} 13. Qg4 {[%emt 0:00:30]} Kf8 {[%emt 0:00:30]} 14. Bh6 {[%emt 0:00:30]} Rg8 {[%emt 0:00:30]} 15. Qh5 {[%emt 0:00:30]} Ne5 {[%emt 0:00:30]} 16. Rae1 {[%emt 0:00:30]} gxh6 {[%emt 0:00:30]} 17. Rxe5 {[%emt 0:00:30]} 1-0

[Event "Memorial Zita 2019"]
[Site "Prague"]
[Date "2019.06.23"]
[Round "2.3"]
[White "Vokoun, Jan"]
[Black "Trickov, Vasil"]
[Result "1/2-1/2"]
[WhiteElo "2072"]
[BlackElo "2319"]
[Annotator "NA"]
[PlyCount "73"]
[EventDate "2019.06.23"]
[EventType "tourn"]
[EventCountry "CZE"]
[SourceTitle "playchess.com"]
[Source "ChessBase"]
[SourceQuality "1"]
[TimeControl "5400+30"]

1. e4 {[%emt 0:00:00]} c5 {[%emt 0:14:40]} 2. Be2 {[%emt 0:00:00]} d6 {[%emt 0:01:22]} 3. f4 {[%emt 0:00:00]} Nc6 {[%emt 0:02:15]} 4. Nf3 {[%emt 0:00:15]} g6 {[%emt 0:00:43]} 5. O-O {[%emt 0:01:07]} Bg7 {[%emt 0:01:12]} 6. c3 {[%emt 0:00:33]} Bg4 {[%emt 0:03:41]} 7. Na3 {[%emt 0:04:40]} e6 {[%emt 0:02:25]} 8. Qe1 {[%emt 0:04:12]} Nge7 {[%emt 0:04:19]} 9. Qh4 {[%emt 0:01:28]} Bxf3 {[%emt 0:06:00]} 10. Rxf3 {[%emt 0:02:07]} a6 {[%emt 0:03:13]} 11. Nc2 {[%emt 0:11:46]} b5 {[%emt 0:15:13]} 12. a3 {[%emt 0:11:26]} f5 {[%emt 0:07:20]} 13. exf5 {[%emt 0:09:11]} Nxf5 {[%emt 0:03:10]} 14. Qe1 {[%emt 0:05:55]} O-O {[%emt 0:06:55]} 15. a4 {[%emt 0:05:17]} Qb6 {[%emt 0:04:46]} 16. g4 {[%emt 0:03:00]} Nfe7 {[%emt 0:01:52]} 17. Bf1 {[%emt 0:03:58]} c4+ {[%emt 0:04:12]} 18. Kg2 {[%emt 0:02:08]} e5 {[%emt 0:02:47]} 19. axb5 {[%emt 0:00:09]} axb5 {[%emt 0:00:10]} 20. Rxa8 {[%emt 0:00:15]} Rxa8 {[%emt 0:00:24]} 21. d3 {[%emt 0:04:12]} d5 {[%emt 0:02:23]} 22. Rf2 {[%emt 0:04:27]} Rf8 {[%emt 0:04:07]} 23. dxc4 {[%emt 0:06:01]} bxc4 {[%emt 0:01:08]} 24. Qd1 {[%emt 0:03:36]} exf4 {[%emt 0:02:32]} 25. Bxf4 {[%emt 0:01:01]} Be5 {[%emt 0:01:23]} 26. Be3 {[%emt 0:03:59]} Qxb2 {[%emt 0:01:20]} 27. Nd4 {[%emt 0:06:21]} Rxf2+ {[%emt 0:00:53]} 28. Bxf2 {[%emt 0:00:01]} Nxd4 {[%emt 0:01:01]} 29. cxd4 {[%emt 0:00:02]} Bf6 {[%emt 0:00:12]} 30. Kg1 {[%emt 0:01:01]} Nc6 {[%emt 0:01:47]} 31. Qf3 {[%emt 0:03:01]} Bxd4 {[%emt 0:01:19]} 32. Qxd5+ {[%emt 0:00:07]} Kf8 {[%emt 0:00:17]} 33. Bxd4 {[%emt 0:00:15]} Qxd4+ {[%emt 0:00:49]} 34. Qxd4 {[%emt 0:00:07]} Nxd4 {[%emt 0:00:36]} 35. Bxc4 {[%emt 0:00:01]} Nf3+ {[%emt 0:00:04]} 36. Kg2 {[%emt 0:00:20]} Ne5 {[%emt 0:00:10]} 37. Be2 {[%emt 0:00:10]} 1/2-1/2

[Event "Memorial Zita 2019"]
[Site "Prague"]
[Date "2019.06.23"]
[Round "2.4"]
[White "Frolov, Artur"]
[Black "Neckar, Lubomir"]
[Result "1-0"]
[WhiteElo "2453"]
[BlackElo "2285"]
[Annotator "RC"]
[PlyCount "63"]
[EventDate "2019.06.23"]
[EventType "tourn"]
[EventCountry "CZE"]
[SourceTitle "playchess.com"]
[Source "ChessBase"]
[SourceQuality "1"]
[TimeControl "5400+30"]

1. e4 {[%emt 0:00:00]} Nf6 {[%emt 0:00:00]} 2. e5 {[%emt 0:00:00]} Nd5 {[%emt 0:00:00]} 3. d4 {[%emt 1:31:30]} d6 {[%emt 1:31:30]} 4. Nf3 {[%emt 0:00:30]} dxe5 {[%emt 0:00:30]} 5. Nxe5 c6 6. Nd2 g6 7. Ndc4 Bg7 8. Be2 O-O 9. O-O Qc7 10. Bf3 Rd8 11. Qe2 Be6 12. Rd1 Nd7 13. Nxd7 Rxd7 14. Ne5 Rdd8 15. c4 Nb6 16. b3 Rxd4 17. Rxd4 Bxe5 18. Bb2 Bxd4 19. Bxd4 Rd8 20. Bc5 Nc8 21. h4 b6 22. Bb4 c5 23. Bc3 Qf4 24. g3 Qf5 25. Re1 h5 26. Be4 Qg4 27. Qe3 Kh7 28. Bd2 Bf5 29. Qh6+ Kg8 30. Bc3 f6 31. Bxf6 exf6 32. Bd5+ 1-0

[Event "Memorial Zita 2019"]
[Site "Prague"]
[Date "2019.06.23"]
[Round "2.5"]
[White "Semenova, Elena"]
[Black "Pribylova, Sofie"]
[Result "1-0"]
[WhiteElo "2255"]
[BlackElo "2069"]
[Annotator "NA"]
[PlyCount "63"]
[EventDate "2019.06.23"]
[EventType "tourn"]
[EventCountry "CZE"]
[SourceTitle "playchess.com"]
[Source "ChessBase"]
[SourceQuality "1"]
[TimeControl "5400+30"]

1. e4 {[%emt 0:00:00]} c5 {[%emt 0:02:18]} 2. Ne2 {[%emt 0:00:00]} d6 {[%emt 0:00:39]} 3. g3 {[%emt 0:00:00]} g6 {[%emt 0:09:21]} 4. Bg2 {[%emt 0:00:31]} Bg7 {[%emt 0:00:20]} 5. c3 {[%emt 0:03:16]} e6 {[%emt 0:05:36]} 6. d4 {[%emt 0:00:35]} Qc7 {[%emt 0:05:42]} 7. Na3 {[%emt 0:08:55]} Ne7 {[%emt 0:02:10]} 8. dxc5 {[%emt 0:01:29]} Qxc5 {[%emt 0:05:08]} 9. Be3 {[%emt 0:00:44]} Qc6 {[%emt 0:01:01]} 10. Nd4 {[%emt 0:01:31]} Bxd4 {[%emt 0:03:45]} 11. cxd4 {[%emt 0:02:13]} O-O {[%emt 0:01:00]} 12. O-O {[%emt 0:04:54]} Qd7 {[%emt 0:04:31]} 13. Nc4 {[%emt 0:07:03]} Nbc6 {[%emt 0:04:00]} 14. Bh6 {[%emt 0:19:04]} Rd8 {[%emt 0:03:16]} 15. Ne3 {[%emt 0:07:48]} e5 {[%emt 0:04:04]} 16. Qf3 {[%emt 0:01:45]} f5 {[%emt 0:00:43]} 17. dxe5 {[%emt 0:01:25]} Nxe5 {[%emt 0:04:46]} 18. Qd1 {[%emt 0:00:54]} Nf7 {[%emt 0:01:08]} 19. Nd5 {[%emt 0:00:50]} Nxd5 {[%emt 0:04:08]} 20. Qxd5 {[%emt 0:00:09]} fxe4 {[%emt 0:17:20]} 21. Bf4 {[%emt 0:03:04]} Qg4 {[%emt 0:04:37]} 22. Qxe4 {[%emt 0:01:44]} d5 {[%emt 0:03:34]} 23. Qd4 {[%emt 0:00:28]} Ng5 {[%emt 0:06:44]} 24. Qf6 {[%emt 0:05:31]} Ne6 {[%emt 0:00:45]} 25. Be5 {[%emt 0:03:30]} Qh5 {[%emt 0:02:21]} 26. Rac1 {[%emt 0:00:50]} Rf8 {[%emt 0:00:33]} 27. Rxc8 {[%emt 0:00:34]} Rfxc8 {[%emt 0:01:01]} 28. Qxe6+ {[%emt 0:00:05]} Kf8 {[%emt 0:00:10]} 29. Qf6+ {[%emt 0:01:01]} Ke8 {[%emt 0:00:07]} 30. Bxd5 {[%emt 0:01:40]} Qf5 {[%emt 0:00:21]} 31. Bf7+ {[%emt 0:00:15]} Kd7 {[%emt 0:00:13]} 32. Qd6# {[%emt 0:00:02]} 1-0

[Event "Memorial Zita 2019"]
[Site "Prague"]
[Date "2019.06.23"]
[Round "3.1"]
[White "Pribylova, Sofie"]
[Black "Netusil, Miloslav"]
[Result "0-1"]
[WhiteElo "2069"]
[BlackElo "2189"]
[Annotator "NA"]
[PlyCount "94"]
[EventDate "2019.06.23"]
[EventType "tourn"]
[EventCountry "CZE"]
[SourceTitle "playchess.com"]
[Source "ChessBase"]
[SourceQuality "1"]
[TimeControl "5400+30"]

1. d4 {[%emt 0:00:00]} d5 {[%emt 0:00:00]} 2. Bf4 {[%emt 0:00:00]} Bf5 {[%emt 0:00:54]} 3. e3 {[%emt 0:01:05]} e6 {[%emt 0:00:05]} 4. Nf3 {[%emt 0:02:11]} Bd6 {[%emt 0:00:31]} 5. Bxd6 Qxd6 {[%emt 0:00:20]} 6. a3 {[%emt 0:06:54]} Nd7 {[%emt 0:03:34]} 7. Bd3 {[%emt 0:02:02]} Bxd3 8. Qxd3 {[%emt 0:00:18]} Ngf6 {[%emt 0:00:18]} 9. O-O {[%emt 0:01:31]} O-O {[%emt 0:00:38]} 10. c4 {[%emt 0:02:49]} c6 11. Nc3 {[%emt 0:01:08]} Rfe8 {[%emt 0:04:57]} 12. Rfd1 {[%emt 0:02:56]} e5 {[%emt 0:01:50]} 13. dxe5 {[%emt 0:02:02]} Nxe5 {[%emt 0:00:27]} 14. Nxe5 {[%emt 0:00:59]} Qxe5 {[%emt 0:00:09]} 15. h3 {[%emt 0:02:15]} Rad8 {[%emt 0:06:31]} 16. cxd5 {[%emt 0:14:01]} Nxd5 {[%emt 0:00:25]} 17. e4 {[%emt 0:18:07]} Nxc3 {[%emt 0:00:25]} 18. Qxc3 {[%emt 0:02:41]} Qxe4 {[%emt 0:03:18]} 19. Rxd8 {[%emt 0:01:22]} Rxd8 {[%emt 0:00:07]} 20. Re1 {[%emt 0:00:27]} Qd5 {[%emt 0:00:10]} 21. Re5 {[%emt 0:02:13]} Qd1+ {[%emt 0:06:01]} 22. Re1 {[%emt 0:10:14]} Qd6 {[%emt 0:01:22]} 23. b4 {[%emt 0:08:33]} b6 {[%emt 0:08:43]} 24. Qe3 {[%emt 0:03:25]} Kf8 {[%emt 0:04:16]} 25. Qe4 {[%emt 0:00:52]} h6 {[%emt 0:10:33]} 26. Qh7 {[%emt 0:00:49]} f6 {[%emt 0:00:08]} 27. Re3 {[%emt 0:02:19]} Qd5 {[%emt 0:04:06]} 28. Rg3 {[%emt 0:01:04]} Qf7 {[%emt 0:00:12]} 29. Rc3 {[%emt 0:02:07]} Rd6 {[%emt 0:01:06]} 30. Re3 {[%emt 0:02:15]} Rd8 {[%emt 0:06:18]} 31. Rc3 {[%emt 0:00:03]} Rc8 {[%emt 0:01:43]} 32. Qf5 {[%emt 0:00:48]} Qc7 {[%emt 0:01:26]} 33. Rd3 {[%emt 0:02:23]} Rd8 {[%emt 0:00:57]} 34. Rg3 {[%emt 0:00:16]} Rd1+ {[%emt 0:00:30]} 35. Kh2 {[%emt 0:00:04]} Rd5 {[%emt 0:00:24]} 36. Qh7 {[%emt 0:04:31]} Rg5 {[%emt 0:00:20]} 37. h4 {[%emt 0:00:20]} Rxg3 {[%emt 0:00:23]} 38. fxg3 {[%emt 0:00:04]} c5 {[%emt 0:00:13]} 39. Qc2 {[%emt 0:00:16]} c4 {[%emt 0:00:16]} 40. b5 {[%emt 0:00:15]} c3 {[%emt 0:00:25]} 41. a4 {[%emt 0:00:23]} Qc5 {[%emt 0:00:28]} 42. Qd3 {[%emt 0:03:11]} c2 {[%emt 0:01:16]} 43. Qd8+ {[%emt 0:00:02]} Kf7 {[%emt 0:00:06]} 44. Qd7+ {[%emt 0:00:11]} Kg8 {[%emt 0:00:46]} 45. Qe8+ {[%emt 0:02:26]} Kh7 {[%emt 0:00:08]} 46. h5 {[%emt 0:00:22]} c1=Q {[%emt 0:00:55]} 47. Qg6+ {[%emt 0:00:41]} Kg8 {[%emt 0:00:08]} 0-1